000 01303cam a22002054a 4500
005 20250605164231.0
008 250528s ||||||||||||||||||||||||d
035 _a20983
020 _a9780749465391
040 _aGR-AtMCL
_bgre
_dGR-AtMCL
_eAACR2
245 1 _aFundamentals of Risk Management / Understanding, evaluating and implementing effective risk management
250 _a2nd
260 _bKogan Page,
_c2012
300 _a420
520 _aThis book provides a comprehensive introduction to the subject of commercial and business risk for anyone studying for a career in risk as well as a broad range of risk professionals. Introduction to Risk Management, Impact of Risk on Organizations, Development of Risk Management, Risk Management Standards, Risk Strategy, Risk Management Documentation, Risk-aware Culture, Risk Practitioner Competencies, Risk Assessment, Risk Classification Systems, Loss Control, Business Continuity Planning, Risk Response, Importance of Risk appetite, Risk Control Techniques, Insurance and Risk Transfer, Risk and Organizations, Stakeholder Expectations, Project Risk Management, Risk Assurance and Reporting, Reporting on Risk Management, Future of Risk Management.
700 1 _aHopkin Paul
_96989
942 _cBK
999 _c6060
_d6060